Primer Congreso libre de agricultores de la República de Chile en 1875. (Record no. 46438)

MARC details
000 -LEADER
campo de control de longitud fija 00563nam a2200157 i 4500
001 - NÚMERO DE CONTROL
campo de control 46438
003 - IDENTIFICADOR DE NÚMERO DE CONTROL
campo de control ES-MaACL
007 - CAMPO FIJO DE DESCRIPCIÓN FÍSICA--INFORMACIÓN GENERAL
campo de control de longitud fija t|
008 - DATOS DE LONGITUD FIJA--INFORMACIÓN GENERAL
campo de control de longitud fija 030328s1876 cl ||||1| spa d
111 2# - ENTRADA PRINCIPAL--NOMBRE DE CONGRESO/REUNIÓN
Nombre de congreso/reunión o jurisdicción como elemento de entrada Congreso Libre de Agricultores de la República de Chile
Número del congreso/reunión o número de parte o sección (1º.
Fecha del congreso o de la firma del tratado 1875.
Sede del congreso/Lugar de la reunión República de Chile)
9 (RLIN) 493
245 10 - MENCIÓN DEL TÍTULO
Título Primer Congreso libre de agricultores de la República de Chile en 1875.
260 ## - PUBLICACIÓN, DISTRIBUCIÓN, ETC.
Lugar de publicación, distribución, etc. Santiago de Chile :
Nombre del editor, distribuidor, etc. [s.n.],
Fecha de publicación, distribución, etc. 1876 (
Fabricante Imp. de la República de Jacinto Nuñez)
300 ## - DESCRIPCIÓN FÍSICA
Extensión 435 p. ;
Dimensiones 26 cm.
852 ## - LOCALIZACIÓN
Ubicación ES-MaACL
Número de control de estantería G-10804
Holdings
Estatus retirado Estado de pérdida Estado de daño No para préstamo Colección Biblioteca de origen Biblioteca actual Ubicación en estantería Fecha de adquisición Fuente de adquisición Total de préstamos Signatura topográfica completa Código de barras Visto por última vez Precio de reemplazo Tipo de ítem Koha
        Libros del s. XIX Biblioteca del Ateneo de Madrid Biblioteca del Ateneo de Madrid Sala Pecera Planta 3 17/01/2008     G-10804 1048839 23/02/2023 23/02/2023 Libro impreso antiguo